Evaluación del "Proyecto de extensión universitaria a las empresas comunitarias campesinas de Costa Rica" /

Guardat en:
Dades bibliogràfiques
Autor principal: Palma Rodríguez, Diego
Altres autors: Montejo Merino, Athenia
Format: Text
Publicat: Heredia: UNA. Escuela de Planificación y Promoción Social
Etiquetes: Afegir etiqueta
Sense etiquetes, Sigues el primer a etiquetar aquest registre!

MARC

LEADER 00000 a a2200000 04500
001 15706
003
040
090 |a 013800  
100 |a Palma Rodríguez, Diego  
245 |a Evaluación del "Proyecto de extensión universitaria a las empresas comunitarias campesinas de Costa Rica" /  |c Diego Palma Rodríguez 
260 |a Heredia:   |b UNA. Escuela de Planificación y Promoción Social  
300 |a 131 p.  
500 |a Sexto Informe (setiembre de 1977-mayo de 1978)  
700 |a Montejo Merino, Athenia  
999 |c 5303  |d 5303